Kooperativa poisťovňa, a.s. výročná správa 1999

Salvato in:
Dettagli Bibliografici
Natura: Libro
Lingua:slovacco
Pubblicazione: Bratislava Kooperativa poisťovňa 2000
Soggetti:
Tags: Aggiungi Tag
Nessun Tag, puoi essere il primo ad aggiungerne!!

MARC

LEADER 00000nam a2200000 4500
001 c124513
005 20260224071225.7
041 0 |a slo 
044 |a SK 
245 1 0 |a Kooperativa poisťovňa, a.s.  |b výročná správa 1999 
264 1 |a Bratislava  |b Kooperativa poisťovňa  |c 2000 
300 |a 32 s. 
610 2 0 |a poisťovne 
610 2 0 |a poisťovníctvo 
610 2 0 |a predstavenstvo 
610 2 0 |a rady dozorné 
610 2 0 |a spoločnosti akciové 
610 2 0 |a akcionári 
610 2 0 |a štruktúra organizačná 
610 2 0 |a podnikanie 
610 2 0 |a výsledok hospodársky 
610 2 0 |a závierka účtovná 
610 2 0 |a výkazy finančné 
610 2 0 |a výkazy účtovné 
610 2 0 |a spoločnosti dcérske 
610 2 0 |a audit